| 000 | 00672cam a22001934a 4500 | ||
|---|---|---|---|
| 020 | _a0471269964 (acidfree) | ||
| 040 | _cDLC | ||
| 082 | 0 | 0 | _a330 WIL 2003 A076 Or. |
| 100 | 1 | _aSwonk, Diane. | |
| 245 | 1 | 4 |
_aThe passionate economist : _bfinding the power and humanity behind the numbers / |
| 260 |
_aHoboken, N.J. : _bWiley & Sons, _cc2003. |
||
| 300 |
_axviii, 270 p. ; _c24 cm. |
||
| 500 | _aIncludes index. | ||
| 650 | 0 | _aEconomists | |
| 856 | 4 | 2 | _uhttp://www.loc.gov/catdir/bios/wiley045/2002153259.html |
| 856 | 4 | 2 | _uhttp://www.loc.gov/catdir/description/wiley038/2002153259.html |
| 856 | 4 | 1 | _uhttp://www.loc.gov/catdir/toc/wiley031/2002153259.html |
| 942 | _cEK | ||
| 999 |
_c15394 _d15394 |
||